=LDR 00000nam 2200000 4500 =001 INLIS000000000049090 =005 20260603075621 =035 ##$$a 0010-011700000000371 =008 260603################g##########0#ind## =020 ##$$a 978-979-3693-16-3 =040 ##$$a NBPDMAT =082 ##$$a 297.901 =090 ##$$a 297.901 $bAbu j =100 ##$$a Abu Fatiah Al-Adnani =245 1#$$a Journey to damascus : $b :Perjalanan menuju negeri akhir zaman /$c Abu Fatiah Al-Adnani =250 ##$$a Cet. 1 =260 ##$$a Solo :$b Granada,$c 2014 =300 ##$$a 384 hlm. : $b ilus. ; $c 21 cm =500 ##$$a Bibliografi hlm : 377 - 383 =650 #4$$a Histiograf Islam =850 ##$$a NBPDMAT =084 ##$$a 297.901 ABU j =990 ##$$a 21603086 =990 ##$$a 21603087 =990 ##$$a 21603088 =990 ##$$a 21603089 =990 ##$$a 21603090 =990 ##$$a 31701424 =990 ##$$a 31701423 =990 ##$$a 1201607523 =990 ##$$a 20452045 =990 ##$$a 21503087 =990 ##$$a 21603086 =990 ##$$a 21603087 =990 ##$$a 21603088 =990 ##$$a 21603089 =990 ##$$a 21603090 =990 ##$$a 31701424 =990 ##$$a 31701423 =990 ##$$a 1201607523